000
00349nam a2200145Ia 4500
100
_a
Goyal/M.L
650
_a
Information technology
942
_c
BK
654
_a
Information technology
245
_a
Information technology in every day life
260
_b
Tata Mc Graw hill
_a
New Delhi
_c
1991
300
_a
460
546
_a
ENGLISH
999
_c
25767
_d
25767